Statistiques concernant Culture Générale - Série 857

Cliquez ici pour prendre le quiz!

Statistiques générales

  • Ce quiz a été pris 125 fois
  • Le résultat moyen est 7 sur 10

Statistiques - réponses

QuestionRéponse% Correct
De quel instrument Ringo Starr jouait-il habituellement au sein des Beatles ?batterie
91%
Quel mot, dérivé du latin "sexta hora", sixième heure, désigne le petit somme d'après le repas de midi ?sieste
89%
Quel cabaret parisien de l'avenue George V, porte un nom anglais qui signifie "cheval fou" en français ?Le Crazy Horse
88%
A l'âge de 25 ans, quelle sainte peut-on coiffer quand on est encore célibataire ?Catherine
80%
À quel chanteur espagnol doit-on le titre "Je n'ai pas changé" ?Julio Iglesias
79%
Selon l'expression, que "tire-t-on à soi", lorsque l'on essaie de s'approprier tout le mérite d'une action ?la couverture
73%
Dans la mythologie grecque, selon le mythe d'Héraclès, comment s'appelle le serpent monstrueux habitant le marais de Lerne ?L'Hydre de Lerne
58%
Quelle langue d'origine néerlandaise, est une des langues officielles fédérales d'Afrique du Sud ?afrikaans
44%
D'après le titre d'un de ses ouvrages, quel surnom Émile Zola donna-t-il au quartier parisien des Halles ?Le Ventre de Paris
35%
Sous quel nom le peintre italien : Tiziano Vecellio est-il plus connu en France ?Titien
31%

Distribution des résultats

Percentile par nombre de réponses

% des personnes avec chaque résultat

Votre développement - résultats

Vous n’avez pas pris ce quiz